Aspiraciones nacionales de España (Record no. 160975)

MARC details
000 -LEADER
campo de control de longitud fija 00656nam a22001935i 4500
001 - NÚMERO DE CONTROL
campo de control 160975
003 - IDENTIFICADOR DE NÚMERO DE CONTROL
campo de control ES-MaACL
005 - FECHA Y HORA DE LA ÚLTIMA TRANSACCIÓN
campo de control 20230906212152.0
008 - DATOS DE LONGITUD FIJA--INFORMACIÓN GENERAL
campo de control de longitud fija 940301s1893 sp |||| | spa d
040 ## - FUENTE DE CATALOGACIÓN
Centro catalogador/agencia de origen CAM
Lengua de catalogación spa
100 0# - ENTRADA PRINCIPAL--NOMBRE DE PERSONA
Nombre de persona Olivié, Manuel.
9 (RLIN) 130635
245 10 - MENCIÓN DEL TÍTULO
Título Aspiraciones nacionales de España
Resto del título : Marruecos /
Mención de responsabilidad, etc. por Manuel Olivié.
260 ## - PUBLICACIÓN, DISTRIBUCIÓN, ETC.
Lugar de publicación, distribución, etc. Barcelona :
Nombre del editor, distribuidor, etc. [s.n.],
Fecha de publicación, distribución, etc. 1893 (
Fabricante Imp. Henrich y Comp\pa\s en comandita, Sucesores de N. Ramírez y C\pa\s)
300 ## - DESCRIPCIÓN FÍSICA
Extensión 322 p. ;
Dimensiones 23 cm.
650 #4 - PUNTO DE ACCESO ADICIONAL DE MATERIA--TÉRMINO DE MATERIA
Término de materia o nombre geográfico como elemento de entrada Marruecos-
Subdivisión general Descripción.
9 (RLIN) 222994
700 11 - ENTRADA AGREGADA--NOMBRE PERSONAL
Nombre de persona Henrich,
Término indicativo de función/relación
9 (RLIN) 127855
852 ## - LOCALIZACIÓN
Ubicación ES-MaACL
Número de control de estantería G-6084
Nota libre -- Enc. rust.
Holdings
Estatus retirado Estado de pérdida Estado de daño No para préstamo Colección Biblioteca de origen Biblioteca actual Ubicación en estantería Fecha de adquisición Fuente de adquisición Total de préstamos Signatura topográfica completa Código de barras Visto por última vez Precio de reemplazo Tipo de ítem Koha
        Libros del s. XIX Biblioteca del Ateneo de Madrid Biblioteca del Ateneo de Madrid Depósito 2 17/01/2008     G-6084 1168586 23/02/2023 23/02/2023 Libro impreso antiguo